[Event "Wattens op 15th"]
[Site "Wattens"]
[Date "2000.09.01"]
[Round "7"]
[White "Delmarko, Dietmar"]
[Black "Luchner, Wolfgang"]
[Result "1-0"]
[WhiteElo "1811"]
[BlackElo "1761"]
[PlyCount "86"]
[EventDate "2000.08.26"]
[EventType "swiss"]
[EventRounds "9"]
[EventCountry "AUT"]
[SourceTitle "EXT 2001"]
[Source "ChessBase"]
[SourceDate "2000.11.22"]
[SourceVersion "1"]
[SourceVersionDate "2000.11.22"]
[SourceQuality "1"]

1. e4 d5 2. exd5 Qxd5 3. Nf3 c5 4. Nc3 Qd8 5. Be2 Nc6 6. 0-0 g6 7. Ne4 b6 8. Re1 e6 9. c3 Bg7 10. d3 h6 11. Be3 Nge7 12. d4 cxd4 13. cxd4 0-0 14. Qd2 Nf5 15. Rad1 Bb7 16. a3 Nxe3 17. Qxe3 Ne7 18. Nc3 Nf5 19. Qd2 a6 20. g4 Bxf3 21. Bxf3 Nxd4 22. Bxa8 Qxa8 23. Qf4 e5 24. Qe4 Nf3+ 25. Kg2 Nxe1+ 26. Rxe1 Qxe4+ 27. Rxe4 f5 28. gxf5 gxf5 29. Rc4 b5 30. Rc6 Rd8 31. Rxa6 Rd2 32. Rb6 Rxb2 33. Rxb5 Rc2 34. Nd5 e4 35. Ne7+ Kf7 36. Nxf5 Ra2 37. Rb7+ Kg6 38. Nxg7 Rxa3 39. Ne6 Kf5 40. Nd4+ Kf4 41. Rb3 Rxb3 42. Nxb3 e3 43. fxe3+ Kxe3 1-0

[Event "Wattens op 15th"]
[Site "Wattens"]
[Date "2000.08.26"]
[Round "1"]
[White "Luchner, Wolfgang"]
[Black "Fuchs, Georg"]
[Result "0-1"]
[WhiteElo "1761"]
[BlackElo "2185"]
[PlyCount "120"]
[EventDate "2000.08.26"]
[EventType "swiss"]
[EventRounds "9"]
[EventCountry "AUT"]
[SourceTitle "EXT 2001"]
[Source "ChessBase"]
[SourceDate "2000.11.22"]
[SourceVersion "1"]
[SourceVersionDate "2000.11.22"]
[SourceQuality "1"]

1. b3 d5 2. Bb2 c5 3. e3 e6 4. f4 Nf6 5. Nf3 Be7 6. Bb5+ Bd7 7. Qe2 a6 8. Bxd7+ Nbxd7 9. a4 Rc8 10. d3 c4 11. 0-0 cxd3 12. cxd3 0-0 13. Nbd2 Rc2 14. Rab1 Bb4 15. Rfd1 Qa5 16. Bc1 Rfc8 17. Kf1 b5 18. Nd4 Ra2 19. Nc4 Rxe2 20. Nxa5 Ra2 21. Nac6 Bd6 22. Rd2 Rxd2 23. Bxd2 bxa4 24. bxa4 Kf8 25. h3 Nc5 26. Bb4 Ne8 27. Bxc5 Bxc5 28. Rb8 Rxb8 29. Nxb8 Bxd4 30. exd4 Nc7 31. Nd7+ Ke7 32. Nc5 Kd6 33. Ke2 f6 34. Kd2 e5 35. fxe5+ fxe5 36. Kc3 Kc6 37. Nb3 e4 38. dxe4 dxe4 39. Nc5 Kd5 40. Nb3 Ne6 41. g3 g6 42. a5 g5 43. h4 gxh4 44. gxh4 h5 45. Nd2 Nxd4 46. Nf1 Nf5 47. Kd2 Nxh4 48. Ng3 Kd4 49. Nxh5 Nf5 50. Nf4 e3+ 51. Ke2 Ke4 52. Ne6 Ng3+ 53. Ke1 e2 54. Nc5+ Kf3 55. Nb3 Nf5 56. Nd2+ Ke3 57. Nc4+ Kd3 58. Ne5+ Ke4 59. Nc4 Nd4 60. Ne3 Kf3 0-1

[Event "Wattens op 14th"]
[Site "Wattens"]
[Date "1999.??.??"]
[Round "5"]
[White "Luchner, Wolfgang"]
[Black "Duer, Maria"]
[Result "1-0"]
[WhiteElo "1650"]
[BlackElo "1850"]
[PlyCount "103"]
[EventDate "1999.??.??"]
[EventType "swiss"]
[EventRounds "9"]
[EventCountry "AUT"]
[SourceTitle "EXT 2001"]
[Source "ChessBase"]
[SourceDate "2000.11.22"]
[SourceVersion "1"]
[SourceVersionDate "2000.11.22"]
[SourceQuality "1"]

1. e4 d6 2. d3 Nf6 3. Bg5 e6 4. f4 Be7 5. Nf3 c5 6. Be2 Qc7 7. 0-0 0-0 8. c4 Nc6 9. Nc3 a6 10. Kh1 Rb8 11. a4 Nd4 12. Nxd4 cxd4 13. Nb1 Ne8 14. Bxe7 Qxe7 15. b4 f5 16. Nd2 e5 17. fxe5 dxe5 18. Qb3 Kh8 19. b5 axb5 20. axb5 b6 21. exf5 Bxf5 22. Bf3 Nd6 23. Rfe1 Rfe8 24. Re2 Qc7 25. Rae1 Qc5 26. Bd5 Be6 27. Bc6 Bg4 28. Ne4 Nxe4 29. Rxe4 Bf5 30. Bxe8 Bxe4 31. Rxe4 Rxe8 32. Qd1 Rf8 33. h3 h6 34. Qe2 Re8 35. Qh5 Qe7 36. Qg6 Qe6 37. Qxe6 Rxe6 38. g4 g5 39. Kg2 Kg7 40. Re2 Kf6 41. Kf3 Re7 42. Ke4 Ke6 43. Rf2 Rc7 44. Rf5 Rc5 45. Rf8 Rc7 46. Rb8 Kf7 47. Rxb6 Kg7 48. Kxe5 Rf7 49. c5 Rf3 50. Kxd4 Rxh3 51. c6 h5 52. c7 1-0

[Event "Wattens op 13th"]
[Site "Wattens"]
[Date "1998.??.??"]
[Round "7"]
[White "Neuschmied, Siegfried"]
[Black "Luchner, Wolfgang"]
[Result "1-0"]
[WhiteElo "2200"]
[BlackElo "1720"]
[PlyCount "57"]
[EventDate "1998.??.??"]
[EventType "swiss"]
[EventRounds "9"]
[EventCountry "AUT"]
[SourceTitle "EXT 2000"]
[Source "ChessBase"]
[SourceDate "1999.11.16"]
[SourceVersion "1"]
[SourceVersionDate "1999.11.16"]
[SourceQuality "1"]

1. e4 d5 2. exd5 Qxd5 3. Nc3 Qd8 4. g3 c6 5. Bg2 Bf5 6. Nf3 h6 7. 0-0 e6 8. b3 Nf6 9. Bb2 Bd6 10. Qe2 0-0 11. d3 Nbd7 12. Ne4 Bxe4 13. dxe4 e5 14. Rad1 Qe7 15. Nh4 g6 16. Bc1 Kh7 17. Qd2 Bb4 18. Qxh6+ Kg8 19. Bh3 Rfd8 20. Bg5 Qf8 21. Qxf8+ Kxf8 22. Bxd7 Nxd7 23. Bxd8 Rxd8 24. Rd3 Ke7 25. Rfd1 Ba5 26. Nf3 Bc7 27. Kg2 Ke8 28. Ng5 Nc5 29. Rxd8+ 1-0

[Event "Wattens op 13th"]
[Site "Wattens"]
[Date "1998.??.??"]
[Round "4"]
[White "Preindl, Florian"]
[Black "Luchner, Wolfgang"]
[Result "1-0"]
[WhiteElo "1835"]
[BlackElo "1720"]
[PlyCount "97"]
[EventDate "1998.??.??"]
[EventType "swiss"]
[EventRounds "9"]
[EventCountry "AUT"]
[SourceTitle "EXT 2000"]
[Source "ChessBase"]
[SourceDate "1999.11.16"]
[SourceVersion "1"]
[SourceVersionDate "1999.11.16"]
[SourceQuality "1"]

1. e4 a6 2. Nf3 b5 3. d4 Bb7 4. Bd3 e6 5. 0-0 Nf6 6. Re1 d6 7. Bg5 Be7 8. c3 Nbd7 9. a4 bxa4 10. Rxa4 0-0 11. Qc2 e5 12. Nbd2 h6 13. Bxf6 Bxf6 14. Rea1 Qc8 15. Nc4 Nb6 16. Ra5 Nxc4 17. Bxc4 Qg4 18. d5 Bd8 19. Be2 Qg6 20. Bxa6 Rxa6 21. Rxa6 Bxd5 22. R1a4 h5 23. Nxe5 Qe6 24. exd5 Qxe5 25. Qe4 Qg5 26. Ra1 h4 27. h3 f5 28. Qf3 Bf6 29. Ra8 Rxa8 30. Rxa8+ Kh7 31. Qe3 Qh5 32. Qd3 g6 33. Rc8 Qg5 34. Rxc7+ Kh6 35. Qe3 f4 36. Qf3 Qf5 37. b4 Qb1+ 38. Kh2 Be5 39. Rb7 g5 40. Re7 Kg6 41. Re6+ Kf5 42. c4 Qc2 43. c5 dxc5 44. bxc5 Qc4 45. Qg4+ Ke4 46. Rxe5+ Kxe5 47. Qxg5+ Ke4 48. d6 Qe6 49. Qe7 1-0

[Event "Wattens op 12th"]
[Site "Wattens"]
[Date "1997.??.??"]
[Round "?"]
[White "Hechenleitner, Rudolf"]
[Black "Luchner, Wolfgang"]
[Result "0-1"]
[WhiteElo "1605"]
[BlackElo "1790"]
[PlyCount "54"]
[EventDate "1997.??.??"]
[EventType "swiss"]
[EventRounds "9"]
[EventCountry "AUT"]
[SourceTitle "EXT 2000"]
[Source "ChessBase"]
[SourceDate "1999.11.16"]
[SourceVersion "1"]
[SourceVersionDate "1999.11.16"]
[SourceQuality "1"]

1. e4 a6 2. d4 b5 3. Nf3 Bb7 4. Nbd2 e6 5. b3 Nf6 6. Bd3 d6 7. h3 Nbd7 8. 0-0 g6 9. Rb1 Bg7 10. Re1 e5 11. c4 b4 12. Bb2 Nh5 13. c5 exd4 14. Nxd4 dxc5 15. Nf5 Bxb2 16. Rxb2 Nf4 17. Ng7+ Kf8 18. Qf3 Qf6 19. Nc4 Kxg7 20. Bc2 Nb6 21. e5 Bxf3 22. exf6+ Kxf6 23. gxf3 Nxc4 24. bxc4 Nxh3+ 25. Kg2 Nf4+ 26. Kg3 g5 27. Be4 Rad8 0-1

[Event "Wattens op 12th"]
[Site "Wattens"]
[Date "1997.??.??"]
[Round "?"]
[White "Luchner, Wolfgang"]
[Black "Tomescu, Vlad"]
[Result "0-1"]
[WhiteElo "1790"]
[BlackElo "2410"]
[PlyCount "120"]
[EventDate "1997.??.??"]
[EventType "swiss"]
[EventRounds "9"]
[EventCountry "AUT"]
[SourceTitle "EXT 2000"]
[Source "ChessBase"]
[SourceDate "1999.11.16"]
[SourceVersion "1"]
[SourceVersionDate "1999.11.16"]
[SourceQuality "1"]

1. e4 Nc6 2. Nc3 e5 3. Bc4 Nf6 4. d3 Bb4 5. Nge2 d5 6. exd5 Nxd5 7. Bxd5 Qxd5 8. 0-0 Qd8 9. h3 0-0 10. Be3 Re8 11. a3 Bf8 12. f4 exf4 13. Bxf4 Be6 14. Ne4 Nd4 15. Kh1 Nxe2 16. Qxe2 Bd5 17. Bg3 Qd7 18. Qg4 Qxg4 19. hxg4 Bxe4 20. dxe4 Rxe4 21. Rf4 Re2 22. Rf2 Rxf2 23. Bxf2 Rd8 24. Kg1 Rd2 25. Rc1 a6 26. Kf1 f6 27. Be3 Rd5 28. Kf2 Kf7 29. c4 Rd7 30. c5 c6 31. Rc2 Rd5 32. Ke2 Ke6 33. Kf3 Be7 34. g3 h5 35. gxh5 Rxh5 36. Rc3 Kd7 37. b4 Ke6 38. Bf4 Rd5 39. Re3+ Kd7 40. g4 Rd1 41. Ke4 g6 42. Rh3 Rg1 43. Rd3+ Ke6 44. Kf3 Rh1 45. Re3+ Kf7 46. Kg2 Rd1 47. Kf3 Rd4 48. Re4 Rxe4 49. Kxe4 Ke6 50. Kd4 g5 51. Bg3 f5 52. a4 Bf6+ 53. Kc4 fxg4 54. b5 axb5+ 55. axb5 Be5 56. Bf2 g3 57. Bg1 Kf5 58. bxc6 bxc6 59. Kd3 Kf4 60. Ke2 Ke4 0-1

[Event "Wattens op 12th"]
[Site "Wattens"]
[Date "1997.??.??"]
[Round "?"]
[White "Luchner, Wolfgang"]
[Black "Zechner, Thomas"]
[Result "1/2-1/2"]
[WhiteElo "1790"]
[BlackElo "1620"]
[PlyCount "138"]
[EventDate "1997.??.??"]
[EventType "swiss"]
[EventRounds "9"]
[EventCountry "AUT"]
[SourceTitle "EXT 2000"]
[Source "ChessBase"]
[SourceDate "1999.11.16"]
[SourceVersion "1"]
[SourceVersionDate "1999.11.16"]
[SourceQuality "1"]

1. e4 e6 2. d3 d5 3. Nc3 Bb4 4. Bd2 d4 5. Nce2 Bxd2+ 6. Qxd2 Nc6 7. g3 Nf6 8. h3 e5 9. Bg2 Be6 10. f4 Qd6 11. f5 Bd7 12. g4 h6 13. a3 0-0-0 14. Nf3 g6 15. 0-0-0 g5 16. Rdg1 Rdg8 17. Bf1 Ne8 18. h4 f6 19. hxg5 hxg5 20. Ng3 Ng7 21. Rh2 Qf8 22. Rgh1 Rxh2 23. Qxh2 Ne8 24. Kb1 Nd8 25. Qd2 Rh8 26. Rxh8 Qxh8 27. Nh5 Qf8 28. Nxg5 Qg8 29. Nxf6 Nxf6 30. Be2 Nc6 31. b3 Qf8 32. Kb2 Qh6 33. Qc1 Qh2 34. Qf1 Nd8 35. Nf3 Qf4 36. g5 Ng4 37. g6 Nc6 38. Qh3 Nh6 39. Qh2 Qxh2 40. Nxh2 Ng8 41. Ng4 Kd8 42. b4 a6 43. a4 b5 44. axb5 axb5 45. c4 dxc3+ 46. Kxc3 Ke7 47. Ne3 Nf6 48. Nc2 Kd6 49. Bf3 Ng8 50. Bh5 Be8 51. d4 Nf6 52. Bf3 exd4+ 53. Nxd4 Ne5 54. Bg2 c6 55. Nb3 Bxg6 56. fxg6 Nxg6 57. Kd4 Ne5 58. Nc5 Nfd7 59. Nb3 Nc4 60. Bh3 Nde5 61. Bg2 Nd7 62. Nc5 Nce5 63. Nb3 Nc4 64. Nc1 Nde5 65. Ne2 Nd7 66. Ng3 c5+ 67. bxc5+ Nxc5 68. Nf5+ Kc6 69. e5+ Kb6 1/2-1/2

[Event "Wattens op 12th"]
[Site "Wattens"]
[Date "1997.??.??"]
[Round "?"]
[White "Sommer, Johannes"]
[Black "Luchner, Wolfgang"]
[Result "0-1"]
[WhiteElo "1605"]
[BlackElo "1790"]
[PlyCount "56"]
[EventDate "1997.??.??"]
[EventType "swiss"]
[EventRounds "9"]
[EventCountry "AUT"]
[SourceTitle "EXT 2000"]
[Source "ChessBase"]
[SourceDate "1999.11.16"]
[SourceVersion "1"]
[SourceVersionDate "1999.11.16"]
[SourceQuality "1"]

1. d4 e6 2. e4 b6 3. Nf3 Bb7 4. Bd3 d6 5. 0-0 g6 6. c4 Nd7 7. Re1 Bg7 8. Bg5 Ne7 9. Qd2 0-0 10. Bh6 e5 11. Bxg7 Kxg7 12. dxe5 dxe5 13. Qc3 f6 14. Nbd2 c5 15. Bc2 Nc6 16. a3 Nd4 17. Rad1 Qe7 18. Ba4 Rac8 19. b4 Rfd8 20. b5 Nf8 21. Nh4 Nfe6 22. Qg3 Kh8 23. Re3 Nf4 24. Rde1 Rd6 25. Qg4 Rcd8 26. Nb1 Bc8 27. Nxg6+ Nxg6 28. Qg3 Rg8 0-1

[Event "Wattens op 12th"]
[Site "Wattens"]
[Date "1997.??.??"]
[Round "?"]
[White "Widner, Stefan"]
[Black "Luchner, Wolfgang"]
[Result "0-1"]
[WhiteElo "1675"]
[BlackElo "1790"]
[PlyCount "82"]
[EventDate "1997.??.??"]
[EventType "swiss"]
[EventRounds "9"]
[EventCountry "AUT"]
[SourceTitle "EXT 2000"]
[Source "ChessBase"]
[SourceDate "1999.11.16"]
[SourceVersion "1"]
[SourceVersionDate "1999.11.16"]
[SourceQuality "1"]

1. e4 a6 2. d4 b5 3. g3 Bb7 4. Bg2 e6 5. Ne2 h6 6. 0-0 Nf6 7. Nd2 d6 8. b3 Nbd7 9. Bb2 Be7 10. Rc1 0-0 11. c4 c5 12. d5 e5 13. f4 Nh7 14. Nf3 Bf6 15. fxe5 Nxe5 16. Nxe5 Bxe5 17. Bxe5 dxe5 18. cxb5 axb5 19. Rxc5 Qb6 20. Qc2 b4 21. Rc1 Rfc8 22. Kh1 Rxc5 23. Qxc5 Qxc5 24. Rxc5 Rxa2 25. Rc7 Rxe2 26. Bf1 Re1 27. Kg2 Rxe4 28. Rxb7 Rd4 29. Bc4 Nf6 30. d6 Rxd6 31. Rxf7 Kh7 32. Rb7 e4 33. Rxb4 g5 34. Rb7+ Kg6 35. b4 g4 36. b5 Rd2+ 37. Kg1 Nd7 38. b6 Ne5 39. Bb5 Nf3+ 40. Kf1 e3 41. Re7 Rf2# 0-1

[Event "Wattens op 09th"]
[Site "Wattens"]
[Date "1994.??.??"]
[Round "3"]
[White "Luchner, Wolfgang"]
[Black "Embacher, Gregor"]
[Result "1-0"]
[WhiteElo "1745"]
[BlackElo "1900"]
[PlyCount "55"]
[EventDate "1994.??.??"]
[EventType "swiss"]
[EventRounds "9"]
[EventCountry "AUT"]
[SourceTitle "EXT 2000"]
[Source "ChessBase"]
[SourceDate "1999.11.16"]
[SourceVersion "1"]
[SourceVersionDate "1999.11.16"]
[SourceQuality "1"]

1. e4 e5 2. Nf3 f5 3. d4 fxe4 4. Ng5 d5 5. dxe5 Be7 6. Nc3 c6 7. h4 Bf5 8. f3 e3 9. Bxe3 h6 10. Bd3 Bxd3 11. Qxd3 hxg5 12. Qg6+ Kf8 13. 0-0-0 Rxh4 14. Rxh4 gxh4 15. Qf5+ Nf6 16. exf6 Bxf6 17. Bc5+ Kg8 18. Ne4 Nd7 19. Nxf6+ Nxf6 20. Qe6+ Kh8 21. Rh1 Nh7 22. Be7 Qg8 23. Qg4 Re8 24. Qxh4 Rc8 25. f4 c5 26. f5 Rc6 27. f6 g6 28. Bf8 1-0